000 00361nam a2200133Ia 4500
008 231129s1956||||xx |||||||||||||| ||spa||
040 _bspa
082 _a200.4 i73
100 _aIzquierdo Gallo Mariano
245 0 _aMitologia Americana : seleccion de los mitos aborigenes de America
260 _c1956
264 _aEdiciones Guadarrama
942 _2ddc
_cBKS
999 _c21302
_d21302